000 01019cam a22003011 4500
001 26484
003 BD-RjUL
005 20211209051026.0
008 140322t1965 nyu b 001 0 eng
035 _a(BD-RjUL)26554
035 _a(OCoLC)487867
040 _aDLC
_cOU
_dOCoLC
_dDLC
_dBD-RJUL
_beng
041 _aeng
082 0 0 _a320.947
_bMOS 1965
100 1 _aMoore, Barrington,
_d1913-2005.
_981419
245 1 0 _aSoviet politics: the dilemma of power ;
_bthe role of ideas in social change /
260 _aNew York :
_bHarper & Row,
_c1965.
300 _axiv, 504 p. ;
_c21 cm.
490 0 _aResearches in the social, cultural, and behavioral sciences
490 0 _aHarper torchbooks,
_vTB 1222Q.
_aThe Academy Library
504 _aincludes Bibliographical reference and index.
650 0 _aCommunism
_zSoviet Union.
_981442
651 0 _aSoviet Union
_xPolitics and government
_y1917-1936.
_981443
740 0 _aSoviet politics.
942 _2ddc
_cBK
999 _c26484
_d26484